Work engendered : toward a new history of American labor

Αποθηκεύτηκε σε:
Λεπτομέρειες βιβλιογραφικής εγγραφής
Άλλοι συγγραφείς: Baron, Ava (Επιμελητής έκδοσης)
Μορφή: Βιβλίο
Γλώσσα:English
Δημοσίευση: Ithaca : Cornell University Press, 1991
Θέματα:
Ετικέτες: Προσθήκη ετικέτας
Δεν υπάρχουν, Καταχωρήστε ετικέτα πρώτοι!

MARC

LEADER 00000nam a2200000 i 4500
001 1/91426
008 080723s1991 eng d
020 |a 0-8014-9543-1 
035 |l 10099163 
040 |a GR-MY-UA  |b gre  |e aacr 
041 0 |a eng 
082 0 |a 306.36150973  |2 (22) 
245 1 0 |a Work engendered :  |b toward a new history of American labor /  |c edited by Ava Baron 
260 |a Ithaca :   |b Cornell University Press,   |c 1991 
300 |a viii, 385 σ.;  |c 24 εκ. 
504 |a Ευρετήριο: σ. 379-385 
650 0 0 |a Sexual division of labor  |z United States  |x History. 
650 0 0 |a Sex discrimination in employment  |z United States  |x History. 
650 0 0 |a Sex role in the work environment  |z United States  |x History. 
650 0 0 |a Labor  |x History  |z United States. 
700 1 |a Baron, Ava.  |4 edt 
852 |a INST  |b LESVOS  |e 20080723  |h 306.36150973 WOR  |p 005100042757  |q 005100042757  |t BK  |y 0 
901 |a BIBL1-2008-2 
909 |a Λ  |b 151046 
922 |a 1ΕΛΗ  |b 200802  |c ΕΠΕΑΕΚ2/ΤΚΑ  |d ΕΛΕΥΘΕΡΟΥΔΑΚΗΣ 
970 |a ΧΑΤΖΗΜΙΧΑΗΛ  |b ΜΑΡΙΑ  |z 2008/07/23